000 00701nam a2200193 a 4500
001 000041845
005 20201002035804.0
008 131018s2002 sp 000 0 spa d
020 _a8400080300
040 _aDO-SdBNP
_bspa
_cBNPHU
100 1 _aSastre Prats, Inés
_968726
245 1 0 _aOnomástica y Relaciones Políticas en la epigrafía del Conventus Asturum durante el alto imperio /
_cInés Sastre Prats.
260 _aMadrid :
_bCSIC,
_c2002.
300 _a189 p. ;
_c29 cm.
490 1 _aAnejos de archivo de arqueología
_v25
500 _aIncluye índice
710 2 _aConsejo Superior de Investigaciones Científicas (España)
_915178
830 0 _aAnejos de archivo de arqueología
_968727
999 _c41334
_d41334